Online
Catalog

Nacionalismo / (Record no. 21370)

MARC details
000 -CABECERA
campo de control de longitud fija 00686nam a2200193 a 4500
001 - NÚMERO DE CONTROL
campo de control 000021872
005 - FECHA Y HORA DE LA ÚLTIMA TRANSACCIÓN
campo de control 20240501121535.0
008 - DATOS DE LONGITUD FIJA--INFORMACIÓN GENERAL
campo de control de longitud fija 100914s1925 dr 000 0 spa d
040 ## - FUENTE DE LA CATALOGACIÓN
Centro catalogador/agencia de origen DO-SdBNP
Lengua de catalogación spa
Centro/agencia transcriptor BNPHU
082 ## - NÚMERO DE LA CLASIFICACIÓN DECIMAL DEWEY
Número de clasificación 306.08
Número de documento/Ítem H519n
100 1# - ENTRADA PRINCIPAL--NOMBRE DE PERSONA
Nombre de persona Henríquez i Carvajal, Federico,
Fechas asociadas al nombre 1848-1952
9 (RLIN) 7792
245 10 - MENCIÓN DE TÍTULO
Título Nacionalismo /
Mención de responsabilidad, etc. Federico Henríquez i Carvajal.
260 ## - PUBLICACIÓN, DISTRIBUCIÓN, ETC.
Lugar de publicación, distribución, etc. Santo Domingo :
Nombre del editor, distribuidor, etc. Imprenta de J. R. vda. García,
Fecha de publicación, distribución, etc. 1925.
300 ## - DESCRIPCIÓN FÍSICA
Extensión 251 p. ;
Dimensiones 26 cm.
650 #4 - PUNTO DE ACCESO ADICIONAL DE MATERIA--TÉRMINO DE MATERIA
Término de materia o nombre geográfico como elemento de entrada Identidad nacional
Subdivisión general Ensayos, conferencias, etc.
9 (RLIN) 2001
650 #0 - PUNTO DE ACCESO ADICIONAL DE MATERIA--TÉRMINO DE MATERIA
Término de materia o nombre geográfico como elemento de entrada Identidad colectiva
9 (RLIN) 1723
651 #4 - PUNTO DE ACCESO ADICIONAL DE MATERIA--NOMBRE GEOGRÁFICO
Nombre geográfico República Dominicana
Subdivisión general Condiciones Sociales
9 (RLIN) 46
910 ## - DATOS DE OPCIÓN DEL USUARIO (OCLC)
Datos de opción del usuario Validado. Control de calidad EMS
Holdings
Estado de retiro Estado de pérdida Restricciones de uso No para préstamo Código de colección Localización permanente Ubicación/localización actual Ubicación en estantería Fecha de adquisición Número de inventario Total de préstamos Signatura topográfica completa Código de barras Fecha visto por última vez Número de copia Precio válido a partir de Tipo de ítem Koha Nota pública
        Raros y valiosos General General Depósito 08.08.2011 LF1   306.08 H519n 21872-30 25.06.2020 e. 3 25.06.2020 Préstamo en sala  
        Raros y valiosos General General Depósito 09.08.2011 LF1   306.08 H519n 21872-40 25.06.2020 e. 4 25.06.2020 Préstamo en sala  
        Raros y valiosos General General Depósito 17.08.2011 LF1   306.08 H519n 21872-50 25.06.2020 e. 5 25.06.2020 Préstamo en sala Donación Familia Reyes Duluc
      Excluido de préstamo Raros y valiosos Patrimonio Dominicano Patrimonio Dominicano Depósito 14.09.2010 LF1   306.08 H519n 21872-10 25.06.2020   25.06.2020 No se presta Perteneció a la biblioteca personal de Federico Henríquez y Carvajal.
      Excluido de préstamo Raros y valiosos Patrimonio Dominicano Patrimonio Dominicano Depósito 08.08.2011 LF1   306.08 H519n 21872-20 25.06.2020 e. 2 25.06.2020 No se presta Perteneció a la biblioteca personal de Federico Henríquez y Carvajal.

Powered by Koha